000 00927nam a2200301 a 4500
003 DO-SdBNP
005 20220728100948.0
007 ta
008 220718e2007 dr a||fr|||| 001 0dspa d
040 _aDO-SdBNP
_bspa
_cBNPHU
082 4 _a641.874
_bF289u, 2007
_222
100 1 _922082
_aFebles, Juan
245 1 3 _aEl universo del bar /
_cJuan Febles, Juan Santana; fotografía, César Núñez
250 _a4a. ed.
260 _aSanto Domingo :
_bCorripio,
_c2007
300 _axi, 304 p. :
_bil. ;
_c22 cm.
500 _aIncluye vocabulario general : p. 273-293.
500 _aIncluye índice alfabético de cocteles
500 _aI
590 _aInventariado 2022 / MF
650 4 _aBares
_922080
650 4 _aCocteles
_92215
650 4 _aLicores
_922083
650 4 _aBebidas alcohólicas
_922080
700 1 _961704
_aSantana, Juana
910 _aMFeliz/Validado. Control de calidad MFF
942 _2ddc
_cLBS1
999 _c52184
_d52184